El liderazgo del Ministrio de Relaciones Exteriores de República Dominicana para la elaboración de mecanismos estratégicos en la toma de decisiones para la paz : (Registro nro. 8619)
[ vista simple ]
| 000 -CABECERA | |
|---|---|
| campo de control de longitud fija | 03137nam a22002537a 4500 |
| 003 - IDENTIFICADOR DEL NÚMERO DE CONTROL | |
| campo de control | DO-SdBJH |
| 005 - FECHA Y HORA DE LA ÚLTIMA TRANSACCIÓN | |
| campo de control | 20260325221228.0 |
| 008 - DATOS DE LONGITUD FIJA--INFORMACIÓN GENERAL | |
| campo de control de longitud fija | 260325b2025 |||d|||| |||| 00| 0 spa d |
| 040 ## - FUENTE DE LA CATALOGACIÓN | |
| Centro catalogador/agencia de origen | DO-SdBJH |
| Lengua de catalogación | spa |
| Centro/agencia transcriptor | DO-SdBJH |
| 041 0# - CÓDIGO DE LENGUA | |
| Código de lengua del texto/banda sonora o título independiente | spa |
| 090 ## - LOCALMENTE ASIGNADO TIPO-LC NÚMERO DE CLASIFICACIÓN (OCLC); NÚMERO DE CLASIFICACIÓN LOCAL (RLIN) | |
| Número de clasificación (OCLC) (R) ; Numero de clasificación, CALL (RLIN) (NR) | CT MA-SDN 0021 |
| Número cutter local (OCLC) ; Número de libro/Signatura topográfica íntegra, CALL (RLIN) | EGAEE 2025 |
| 100 1# - ENTRADA PRINCIPAL--NOMBRE DE PERSONA | |
| Nombre de persona | Ayala Estrada, Fernando |
| Término indicativo de función/relación | sustentante |
| 245 13 - MENCIÓN DE TÍTULO | |
| Título | El liderazgo del Ministrio de Relaciones Exteriores de República Dominicana para la elaboración de mecanismos estratégicos en la toma de decisiones para la paz : |
| Resto del título | período 2023-2025 / |
| Mención de responsabilidad, etc. | Fernando Ayala Estrada, Lester Leonel Antonio Toledo Mena ; asesor de contenido Ramón Vladimir Taveras Morillo ; asesor metodológico José E. Méndez Medina. |
| 260 ## - PUBLICACIÓN, DISTRIBUCIÓN, ETC. | |
| Lugar de publicación, distribución, etc. | Santo Domingo, República Dominicana : |
| Nombre del editor, distribuidor, etc. | UNADE, |
| Fecha de publicación, distribución, etc. | 2025. |
| 300 ## - DESCRIPCIÓN FÍSICA | |
| Extensión | xv, 118, [20] páginas : |
| Otras características físicas | gráficas. |
| 502 ## - NOTA DE TESIS | |
| Nota de tesis | Tesis y trabajos de grado (Maestría en Seguridad y Defensa Nacional)--Universidad Nacional para la Defensa "General Juan Pablo Duarte y Díez", Escuela de Graduados de Altos Estudios Estratégicos, Santo Domingo, 2025. |
| 504 ## - NOTA DE BIBLIOGRAFÍA, ETC. | |
| Nota de bibliografía, etc. | Incluye referencias bibliográficas, apéndices y anexos. |
| 505 ## - NOTA DE CONTENIDO CON FORMATO | |
| Nota de contenido con formato | Estructura y organización del Ministerio de Relaciones Exteriores de República Dominicana -- Mecanismos Estratégicos del Ministerio de Relaciones Exteriores de República Dominicana -- Ponderaciones sobre el liderazgo del Ministerio de Relaciones Exteriores de República Dominicana en la región de América Latina y El Caribe. |
| 520 ## - SUMARIO, ETC. | |
| Sumario, etc. | El presente trabajo de investigación pretende determinar cuál es el nivel de liderazgo que posee el Ministerio de Relaciones Exteriores de república Dominicana para la elaboración de mecanismos estratégicos que contribuyen a la paz regional en el Caribe y Latinoamérica, tomando en cuenta y siguiendo los lineamientos del mandato presidencial con relación a la política exterior y de acuerdo a las relaciones diplomáticas que se tienen en la región así como los tratados bilaterales y multilaterales que se hayan firmado en materia de paz, seguridad y derechos humanos. El Ministerio de Relaciones Exteriores cuenta con la base legal, infraestructura y despliegue de misiones diplomáticas en el caribe y Latinoamérica, así como los planes operativos anuales en donde establece diferentes actividades como conferencias, foros, tratados, resoluciones reuniones y cumbres, llamándoseles mecanismos estratégicos, con los cuales se la logrado colocar en una posición privilegiada con relación a la contribución de la paz regional. Una de las contribuciones más importantes que realiza república Dominicana a través del Ministerio de Relaciones Exteriores es contribuir para resolver la crisis migratoria y los problemas de inseguridad que vive su hermano país de Haití, reflejando un interés legítimo para eliminar esta amenaza a la estabilidad regional, no importando las diferencias que se tienen entre estos dos países. |
| 700 1# - PUNTO DE ACCESO ADICIONAL--NOMBRE DE PERSONA | |
| Nombre de persona | Toledo Mena, Lester Leonel Antonio |
| Término indicativo de función/relación | sustentante |
| 700 1# - PUNTO DE ACCESO ADICIONAL--NOMBRE DE PERSONA | |
| Nombre de persona | Taveras Morillo, Ramón Vladimir |
| Término indicativo de función/relación | asesor de contenido |
| 700 1# - PUNTO DE ACCESO ADICIONAL--NOMBRE DE PERSONA | |
| Nombre de persona | Méndez Medina, José E. |
| Término indicativo de función/relación | asesor metodológico |
| 942 ## - ELEMENTOS DE PUNTO DE ACCESO ADICIONAL (KOHA) | |
| Fuente del sistema de clasificación o colocación | Clasificación Local |
| Tipo de ítem Koha | Tesis |
No hay ítems disponibles.
